PRACTICAL HANDBOOK OF PHARMACEUTICAL ORGANIC CHEMISTRY (Record no. 5818)

MARC details
000 -LEADER
fixed length control field 00437nam a22001577a 4500
005 - DATE AND TIME OF LATEST TRANSACTION
control field 20240108115122.0
008 - FIXED-LENGTH DATA ELEMENTS--GENERAL INFORMATION
fixed length control field 190405b xxu||||| |||| 00| 0 eng d
020 ## - INTERNATIONAL STANDARD BOOK NUMBER
ISBN 978-93-82448-31-0
041 ## - LANGUAGE CODE
Language code of text/sound track or separate title eng
100 ## - MAIN ENTRY--AUTHOR NAME
Personal name DEODHAR, DR. M.N. AND JAGTAP, J.R.
245 ## - TITLE STATEMENT
Title PRACTICAL HANDBOOK OF PHARMACEUTICAL ORGANIC CHEMISTRY
260 ## - PUBLICATION, DISTRIBUTION, ETC. (IMPRINT)
Place of publication PUNE
Name of publisher NIRALI PRAKASHAN
300 ## - PHYSICAL DESCRIPTION
Number of Pages 1.3p,
650 ## - SUBJECT ADDED ENTRY--TOPICAL TERM
Topical Term PHARMACY
General subdivision BPHARMA
942 ## - ADDED ENTRY ELEMENTS (KOHA)
Koha item type Books
Holdings
Lost status Damaged status Collection code Home library Current library Shelving location Date acquired Source of acquisition Cost, normal purchase price Accession Number Koha item type
    PHARMACY JRU Library JRU Library Shelf - 24- G 05/04/2019 PURCHESS 240.00 22646 Books
    PHARMACY JRU Library JRU Library Shelf - 27- I 05/04/2019 PURCHESS 240.00 22647 Books
    Reference JRU Library JRU Library SHELF-5-A 05/04/2019 PURCHESS 240.00 22648 Books